|
|
|
|
| LEADER |
00000nab a2200000 a 4500 |
| 001 |
vtls008935876 |
| 003 |
SK-MaSNL |
| 005 |
20260304133610.0 |
| 008 |
250505 1977 xo 000 0 slo |
| 015 |
|
|
|a SNBRB1977
|
| 035 |
|
|
|a (uuid)4cd089a5-55e7-4ab5-98d1-f065f7e6e463
|
| 035 |
|
|
|a urn:nbn:sk:snk-ab1syg
|
| 035 |
|
|
|a (urnnbn)urn:nbn:sk:snk:ar-a02u2g
|
| 040 |
|
|
|a SNKBUCL
|b slo
|c SNKBUCL
|e AACR2
|
| 041 |
0 |
|
|a slo
|
| 044 |
|
|
|a xo
|c SK
|
| 080 |
|
|
|a 792.071.2
|2 2001
|
| 080 |
|
|
|a 929 Petrík, Bohuslav
|2 2001
|
| 100 |
1 |
|
|a Čeretková-Gállová, Marína,
|d 1931-2017
|4 aut
|9 5140
|
| 245 |
1 |
0 |
|a Ujo rozprávkár alebo o umení žiť a veciach lásky
|b malý portrét Bohuša Petríka člena ŠD v Košiciach
|c Marína Čeretková
|
| 600 |
1 |
7 |
|a Petrík, Bohuslav,
|d 1933-2010
|2 snkbucl
|9 1053944
|
| 773 |
0 |
|
|t Javisko
|g Roč. 9, č. 2 (1977), Príl. s. 57-58
|
| 850 |
|
|
|a Slovenská národná knižnica
|
| 852 |
|
|
|a Slovenská národná knižnica
|
| 954 |
|
|
|a odborná, vedecká literatúra pôvodná (slovenská)
|2 lita
|
| 958 |
|
|
|a article27
|
| 958 |
|
|
|a OND
|
| 958 |
|
|
|a BX
|
| 958 |
|
|
|a EUIPO
|
| 999 |
|
|
|c 2902580
|d 2904510
|